[Event "SLO-chT"]
[Site "Celje"]
[Date "2003.11.21"]
[Round "6"]
[White "Cigan, Stefan"]
[Black "Podvrsnik, Marko"]
[Result "0-1"]
[WhiteElo "2321"]
[BlackElo "2207"]
[PlyCount "37"]
[EventDate "2003.11.17"]
[EventType "team-swiss"]
[EventRounds "9"]
[EventCountry "SLO"]
[SourceTitle "CBM 097 Extra"]
[Source "ChessBase"]
[SourceDate "2004.01.13"]
[SourceVersion "1"]
[SourceVersionDate "2004.01.13"]
[SourceQuality "1"]

1. e4 c5 2. Nf3 d6 3. d4 cxd4 4. Nxd4 Nf6 5. Nc3 Nc6 6. Bg5 e6 7. Qd2 Be7 8. 0-0-0 0-0 9. f4 h6 10. Bxf6 Bxf6 11. Nb3 e5 12. g3 Bg4 13. Re1 a5 14. a4 Nb4 15. Kb1 exf4 16. gxf4 Rc8 17. Rg1 Be6 18. Nd5 Qb6 19. Rd1 0-1